|
|
|
|
| LEADER |
00854pam a22002538a 4500 |
| 001 |
00044810 |
| 005 |
20191014071049.0 |
| 008 |
170516s2006 ||||||Viesd |
| 020 |
# |
# |
|c 78000
|
| 041 |
0 |
# |
|a Vie
|
| 082 |
1 |
# |
|a 915.973 1
|b V115H
|
| 100 |
1 |
# |
|e Chủ biên
|a Trần, Văn Bính
|
| 245 |
0 |
0 |
|a Văn hóa Thăng Long Hà Nội hội tụ và tỏa sáng
|c Trần Văn Bính (ch.b)
|
| 250 |
# |
# |
|a Tái bản có sửa chữa
|
| 260 |
# |
# |
|a Hà Nội
|b Chính trị quốc gia
|c 2010
|
| 300 |
# |
# |
|a 378 tr.
|c 24 cm.
|
| 653 |
# |
# |
|a Hà Nội
|
| 653 |
# |
# |
|a Lịch sử
|
| 653 |
# |
# |
|a Nghề thủ công
|
| 653 |
# |
# |
|a Việt Nam
|
| 653 |
# |
# |
|a Xã hội
|
| 852 |
# |
# |
|j KM.0033177
|j KM.0033178
|j KD.0026282
|
| 910 |
# |
# |
|d 14/10/2019
|
| 980 |
# |
# |
|a Trung tâm Học liệu Lê Vũ Hùng, Trường Đại học Đồng Tháp
|